[Event "Campeonato del Mundo Sub-20 2007 Fem."]
[Site "Yerevan ARM"]
[Date "2007.10.07"]
[Round "5.11"]
[White "Arutyunova, Diana"]
[Black "Airapetian, Tatevik"]
[Result "1/2-1/2"]
[WhiteElo "2256"]
[BlackElo "2193"]
[PlyCount "87"]
[EventDate "2007.10.03"]
[EventType "swiss"]
[EventRounds "13"]
[EventCountry "ARM"]
[Source "lmi"]
[SourceDate "2007.10.03"]

1. e4 c5 2. Nf3 d6 3. d4 cxd4 4. Nxd4 Nf6 5. Nc3 a6 6. Be2 e6 7. O-O Be7 8. f4
Nc6 9. Be3 O-O 10. Kh1 Qc7 11. Qe1 Nxd4 12. Bxd4 b5 13. a3 Bb7 14. Qg3 Bc6 15.
Rad1 Qb7 16. Bd3 b4 17. axb4 Qxb4 18. e5 Nh5 19. Qh3 g6 20. exd6 Bxd6 21. Be4
Rac8 22. Rd3 f5 23. Bxc6 Rxc6 24. Qe3 Bc7 25. b3 Rd8 26. Na4 Kf7 27. c4 Nxf4
28. Rdd1 Nh5 29. g4 Nf6 30. Bxf6 Rxd1 31. Rxd1 Kxf6 32. Rd7 g5 33. Nc3 Be5 34.
Qh3 Bxc3 35. gxf5 Qxb3 36. Qf3 Qb1+ 37. Rd1 Qxf5 38. Qxc6 Be5 39. Qg2 a5 40. c5
a4 41. c6 Bf4 42. Qb2+ Be5 43. Qg2 Bf4 44. Qb2+ 1/2-1/2

[Event "Campeonato del Mundo Sub-20 2007 Fem."]
[Site "Yerevan ARM"]
[Date "2007.10.07"]
[Round "5.14"]
[White "Mnatsakanyan, Diana"]
[Black "Pertlova, Sona"]
[Result "1/2-1/2"]
[WhiteElo "1970"]
[BlackElo "2169"]
[PlyCount "231"]
[EventDate "2007.10.03"]
[EventType "swiss"]
[EventRounds "13"]
[EventCountry "ARM"]
[Source "lmi"]
[SourceDate "2007.10.03"]

1. e4 c5 2. Nf3 e6 3. d3 Nc6 4. g3 d5 5. Qe2 Nge7 6. Bg2 g6 7. O-O Bg7 8. c3
O-O 9. a4 b6 10. Na3 Bb7 11. Bg5 h6 12. Be3 Qd7 13. Nc2 Rad8 14. a5 Qc8 15.
axb6 axb6 16. Nh4 dxe4 17. dxe4 Na5 18. Qg4 e5 19. Qxc8 Nxc8 20. Bxc5 bxc5 21.
Rxa5 Rd2 22. Ne3 Rxb2 23. Rxc5 Nd6 24. f3 Rc8 25. Rxc8+ Nxc8 26. Rc1 Bf8 27.
Nd5 Bc5+ 28. Kh1 Kg7 29. c4 Nd6 30. f4 exf4 31. gxf4 Nxc4 32. h3 Bf2 33. Nf5+
gxf5 34. Rxc4 Bg3 35. Rc1 fxe4 36. Bxe4 Re2 37. Bf3 Rd2 38. Rc5 Rh2+ 39. Kg1
Rd2 40. Kh1 Rh2+ 41. Kg1 Rb2 42. Kh1 Bxf4 43. Nxf4 Bxf3+ 44. Kg1 Rb4 45. Nd3
Rh4 46. Nf2 Rh5 47. Rc3 Rg5+ 48. Kf1 Rg3 49. Ke1 Rg1+ 50. Kd2 Bd5 51. Rd3 Rg2
52. Ke1 Rg1+ 53. Kd2 Be6 54. Rc3 Kg6 55. Ne4 Kf5 56. Ng3+ Kg5 57. Rc5+ Kf6 58.
Nh5+ Ke7 59. Nf4 Rg5 60. Rc3 Rb5 61. Re3 Kd6 62. Nd3 Rb3 63. Re1 h5 64. Nf4
Bxh3 65. Nxh5 Be6 66. Nf4 Rf3 67. Nd3 Rg3 68. Nf4 Bd5 69. Nxd5 Kxd5 70. Rf1 Ke6
71. Re1+ Kf5 72. Rf1+ Kg6 73. Ke2 f5 74. Kf2 Ra3 75. Kg2 Kg5 76. Rf3 Ra6 77.
Kg3 Ra5 78. Rb3 Kf6 79. Kf4 Ra4+ 80. Kf3 Kg5 81. Kg3 Rg4+ 82. Kf3 Rh4 83. Rb8
Rh3+ 84. Kg2 Ra3 85. Rb4 Re3 86. Kf2 Rd3 87. Ke2 Rg3 88. Kf2 Ra3 89. Kg2 Rd3
90. Kf2 Kf6 91. Rb5 Ra3 92. Ke2 Kg5 93. Kf2 Kg4 94. Rb8 Ra2+ 95. Kg1 f4 96. Rb3
Re2 97. Kf1 Rd2 98. Ke1 Rh2 99. Kf1 Rh1+ 100. Kg2 Ra1 101. Rc3 Re1 102. Kf2 Ra1
103. Kg2 Ra2+ 104. Kg1 Rd2 105. Ra3 Kf5 106. Kf1 Ke4 107. Ra4+ Kf3 108. Ra3+
Kg4 109. Kg1 f3 110. Ra8 Rb2 111. Rg8+ Kf4 112. Rf8+ Ke3 113. Re8+ Kd3 114.
Rd8+ Ke2 115. Re8+ Kd1 116. Rf8 1/2-1/2

[Event "Campeonato del Mundo Sub-20 2007 Fem."]
[Site "Yerevan ARM"]
[Date "2007.10.07"]
[Round "5.15"]
[White "Markantonaki, Haritomeni"]
[Black "Zarkua, Elisabed"]
[Result "1-0"]
[WhiteElo "2161"]
[BlackElo "2009"]
[PlyCount "111"]
[EventDate "2007.10.03"]
[EventType "swiss"]
[EventRounds "13"]
[EventCountry "ARM"]
[Source "lmi"]
[SourceDate "2007.10.03"]

1. e4 c5 2. Nf3 d6 3. d4 cxd4 4. Nxd4 Nf6 5. Nc3 Nc6 6. Bc4 e6 7. Be3 a6 8. Qe2
Qc7 9. Bb3 Be7 10. O-O-O O-O 11. g4 b5 12. g5 Nd7 13. Nd5 exd5 14. Nxc6 Ne5 15.
Nxe5 dxe5 16. Bxd5 Bb7 17. h4 b4 18. Kb1 a5 19. h5 a4 20. g6 Bxd5 21. Rxd5 b3
22. cxb3 axb3 23. axb3 Rfb8 24. gxf7+ Kxf7 25. Qc4 Qxc4 26. bxc4 Ra4 27. Rc1
Rbb4 28. Rd7 Ke6 29. Rxe7+ Kxe7 30. Bc5+ Kd7 31. Bxb4 Rxb4 32. Ka2 Kc6 33. Ka3
Rb8 34. b4 Rf8 35. Rg1 Rxf2 36. Rxg7 Re2 37. Rxh7 Rxe4 38. b5+ Kc5 39. Rc7+ Kb6
40. Rc6+ Kb7 41. Kb4 Rh4 42. h6 e4 43. Re6 Kc7 44. h7 Rxh7 45. Rxe4 Kb7 46. Rg4
Rf7 47. c5 Rh7 48. Ka5 Rf7 49. Rd4 Rf1 50. Rd7+ Kc8 51. Rh7 Kb8 52. Kb6 Rf6+
53. c6 Rf8 54. Rd7 Rh8 55. c7+ Kc8 56. Rd8+ 1-0

[Event "Campeonato del Mundo Sub-20 2007 Fem."]
[Site "Yerevan ARM"]
[Date "2007.10.07"]
[Round "5.16"]
[White "Kalashyan, Varduhi"]
[Black "Priya Panneer, Ramachandran"]
[Result "1/2-1/2"]
[WhiteElo "2059"]
[BlackElo "2129"]
[PlyCount "103"]
[EventDate "2007.10.03"]
[EventType "swiss"]
[EventRounds "13"]
[EventCountry "ARM"]
[Source "lmi"]
[SourceDate "2007.10.03"]

1. e4 e5 2. Nf3 Nf6 3. Nxe5 d6 4. Nf3 Nxe4 5. Nc3 Nxc3 6. dxc3 Be7 7. Be3 Nd7
8. Qd2 O-O 9. O-O-O Re8 10. h4 Nc5 11. Bc4 Be6 12. Bxe6 Nxe6 13. g4 Qd7 14. g5
Qc6 15. Rh3 Qc4 16. Kb1 Nc5 17. Nd4 Ne4 18. Qe1 Bf8 19. f3 Nc5 20. Qd2 Na4 21.
f4 c5 22. Nb3 Qb5 23. Qd5 Nb6 24. Qg2 Nc4 25. Bc1 Re2 26. Qd5 a5 27. Qd3 Rae8
28. Ka1 d5 29. g6 hxg6 30. h5 Nd6 31. Qxd5 c4 32. Qxb5 Nxb5 33. Nxa5 Nd6 34. b3
Rxc2 35. hxg6 Ree2 36. gxf7+ Kxf7 37. Nxc4 Rxa2+ 38. Kb1 Nxc4 39. bxc4 Ra7 40.
Re3 Rea2 41. Rd7+ Kf6 42. Bb2 Ba3 43. Kxa2 Bc5+ 44. Kb1 Bxe3 45. c5 g5 46. c4+
Ke6 47. Rd6+ Kf5 48. Rf6+ Ke4 49. fxg5 Bxg5 50. Rd6 Be3 51. Rd5 Ra4 52. Rd7
1/2-1/2

[Event "Campeonato del Mundo Sub-20 2007 Fem."]
[Site "Yerevan ARM"]
[Date "2007.10.07"]
[Round "5.20"]
[White "Kulon, Klaudia"]
[Black "Karapetyan, Lusine"]
[Result "1-0"]
[WhiteElo "2139"]
[BlackElo "1950"]
[PlyCount "91"]
[EventDate "2007.10.03"]
[EventType "swiss"]
[EventRounds "13"]
[EventCountry "ARM"]
[Source "lmi"]
[SourceDate "2007.10.03"]

1. e4 c5 2. Nf3 Nf6 3. e5 Nd5 4. Nc3 e6 5. Ne4 f5 6. Ng3 Nc6 7. Bb5 Be7 8. Bxc6
bxc6 9. d3 Ba6 10. b3 Qc7 11. O-O O-O-O 12. c4 Nb6 13. Qe2 Kb8 14. Ba3 Nc8 15.
Rab1 Ka8 16. Nh5 g5 17. Rfd1 g4 18. Ne1 Rdg8 19. d4 cxd4 20. Bxe7 Nxe7 21. Nf6
Rb8 22. Rxd4 Nd5 23. Qd2 Nxf6 24. exf6 d5 25. cxd5 cxd5 26. Rc1 Qe5 27. Ra4 Bb5
28. Ra5 Rb7 29. f7 Qf6 30. Rc5 Bd7 31. Nd3 Qxf7 32. Qc3 Rhb8 33. g3 Qe7 34. Ne5
Qd6 35. Qd4 Be8 36. a3 Qb6 37. b4 Rc7 38. Nd3 Rbc8 39. Kg2 Rxc5 40. Nxc5 Rc7
41. Ra6 Qb5 42. Rxe6 Bd7 43. Rd6 h5 44. a4 Qe2 45. Qxd5+ Bc6 46. Rd8+ 1-0

[Event "Campeonato del Mundo Sub-20 2007 Fem."]
[Site "Yerevan ARM"]
[Date "2007.10.08"]
[Round "6.1"]
[White "Nebolsina, Vera"]
[Black "Karavade, Eesha"]
[Result "1-0"]
[WhiteElo "2349"]
[BlackElo "2331"]
[PlyCount "71"]
[EventDate "2007.10.03"]
[EventType "swiss"]
[EventRounds "13"]
[EventCountry "ARM"]
[Source "lmi"]
[SourceDate "2007.10.03"]

1. d4 Nf6 2. c4 e6 3. Nc3 Bb4 4. e3 O-O 5. Bd3 c5 6. Nf3 d5 7. O-O Nc6 8. dxc5
Bxc5 9. a3 Be7 10. b4 b6 11. cxd5 exd5 12. h3 h6 13. Bb2 Be6 14. Rc1 Ne8 15.
Qa4 Qd6 16. Ne2 Rc8 17. Ba6 Rc7 18. Nc3 Nb8 19. Bd3 Qd8 20. Rfd1 Bf6 21. Bb1
Qc8 22. Qc2 g6 23. Qd2 Nd7 24. Ba2 d4 25. exd4 Bxa2 26. Nxa2 Nd6 27. Qxh6 Nc4
28. Ba1 Rd8 29. Nc3 Nf8 30. Nb5 Rcd7 31. Qf4 Bg7 32. a4 a6 33. Na3 Rc7 34. d5
Bxa1 35. Nxc4 b5 36. Nb6 1-0

[Event "Campeonato del Mundo Sub-20 2007 Fem."]
[Site "Yerevan ARM"]
[Date "2007.10.08"]
[Round "6.4"]
[White "Hoolt, Sarah"]
[Black "Khotenashvili, Bela"]
[Result "1-0"]
[WhiteElo "2199"]
[BlackElo "2328"]
[PlyCount "111"]
[EventDate "2007.10.03"]
[EventType "swiss"]
[EventRounds "13"]
[EventCountry "ARM"]
[Source "lmi"]
[SourceDate "2007.10.03"]

1. e4 c6 2. d4 d5 3. Nc3 g6 4. Nf3 Bg7 5. Bf4 Nh6 6. exd5 cxd5 7. Nb5 Na6 8. c3
O-O 9. a4 f6 10. Be2 Nf7 11. O-O Bf5 12. Qb3 e5 13. dxe5 Nc5 14. Qb4 Ne6 15.
Be3 fxe5 16. Rfd1 Be4 17. Nd2 Bc2 18. Rdc1 a5 19. Qa3 Bf5 20. Rd1 Qf6 21. Nf3
Rfd8 22. Qb3 Be4 23. Nd2 Bf5 24. Nf3 e4 25. Nfd4 Nc5 26. Qa2 Rac8 27. Na7 Rc7
28. Ndb5 Na6 29. Nxc7 Nxc7 30. Nb5 Ne8 31. c4 Ne5 32. cxd5 Nd3 33. Bd4 Qg5 34.
Bxd3 exd3 35. d6+ Kh8 36. Bxg7+ Nxg7 37. Qd5 Ne6 38. Qe5+ Kg8 39. Qg3 Qf6 40.
Qe3 Qxb2 41. Rab1 Qf6 42. Rbc1 g5 43. Rc4 Bg6 44. g3 b6 45. Rc6 Nc5 46. Rxb6
Nxa4 47. Rb7 Nb2 48. Rc1 a4 49. d7 Bf5 50. Qe8+ Kg7 51. Nd4 d2 52. Nxf5+ Qxf5
53. Rf1 d1=Q 54. Qxd8 Nd3 55. Qb6 Ne5 56. d8=Q+ 1-0

[Event "Campeonato del Mundo Sub-20 2007 Fem."]
[Site "Yerevan ARM"]
[Date "2007.10.08"]
[Round "6.7"]
[White "Dauletova, Gulmira"]
[Black "Melia, Salome"]
[Result "1/2-1/2"]
[WhiteElo "2210"]
[BlackElo "2365"]
[PlyCount "146"]
[EventDate "2007.10.03"]
[EventType "swiss"]
[EventRounds "13"]
[EventCountry "ARM"]
[Source "lmi"]
[SourceDate "2007.10.03"]

1. e4 c5 2. Nf3 d6 3. d4 cxd4 4. Nxd4 Nf6 5. Nc3 Nc6 6. Bc4 e6 7. Bb3 Be7 8.
O-O O-O 9. f4 d5 10. e5 Nxd4 11. Qxd4 Ng4 12. h3 b6 13. Na4 Bd7 14. hxg4 Bxa4
15. Be3 Bb5 16. Rfe1 Bc5 17. Qd2 Qh4 18. a4 Bc6 19. Bd4 Qxg4 20. c3 f6 21. Qe3
fxe5 22. Qxe5 Bd7 23. Rf1 Rac8 24. Rae1 Rf5 25. Qe3 Rf6 26. Bd1 Qh4 27. Rf3 Rh6
28. Rh3 Qf6 29. Rxh6 Qxh6 30. Bg4 Re8 31. Qe5 Qf6 32. Qe3 Qe7 33. Bh5 Rf8 34.
Bf3 Qh4 35. Bxc5 bxc5 36. Rf1 Qxf4 37. Qxc5 Qb8 38. a5 a6 39. b4 Qc8 40. Qd6
Rf6 41. Rd1 Bb5 42. Qe5 Qc4 43. Re1 Qh4 44. Re3 h6 45. Qd6 Qg5 46. Kf2 Qf5 47.
Kg1 Kh7 48. Re1 Bc4 49. Qc5 e5 50. Qxc4 dxc4 51. Be4 Kg6 52. Bxf5+ Kxf5 53.
Rf1+ Ke6 54. b5 Kd7 55. b6 h5 56. Re1 Re6 57. Re4 Kc8 58. Rxc4+ Kb8 59. Rc7 e4
60. c4 e3 61. Kf1 Re5 62. c5 e2+ 63. Ke1 h4 64. c6 Re6 65. Rb7+ Kc8 66. Rc7+
Kb8 67. Rb7+ Kc8 68. Rxg7 Rxc6 69. Kxe2 Re6+ 70. Kf2 Re5 71. Rg8+ Kb7 72. Rg7+
Kc8 73. Rg8+ Kb7 1/2-1/2

[Event "Campeonato del Mundo Sub-20 2007 Fem."]
[Site "Yerevan ARM"]
[Date "2007.10.08"]
[Round "6.8"]
[White "Padmini, Rout"]
[Black "Grigorian, Marine"]
[Result "1-0"]
[WhiteElo "2226"]
[BlackElo "2078"]
[PlyCount "59"]
[EventDate "2007.10.03"]
[EventType "swiss"]
[EventRounds "13"]
[EventCountry "ARM"]
[Source "lmi"]
[SourceDate "2007.10.03"]

1. e4 e5 2. Nf3 d6 3. d4 Nd7 4. Nc3 c6 5. Bc4 Be7 6. O-O h6 7. Re1 Ngf6 8. a4
Qc7 9. b3 Nf8 10. dxe5 dxe5 11. Nh4 g6 12. Nf3 Bg4 13. h3 Bd7 14. Bb2 g5 15.
Nd5 cxd5 16. Bxe5 Qc5 17. Bd4 Qc7 18. exd5 Kd8 19. Be5 Qc5 20. d6 Be6 21. Bxe6
Nxe6 22. dxe7+ Kxe7 23. Nd4 Rhd8 24. Qf3 Nd5 25. c4 Ndf4 26. Nxe6 fxe6 27. Bxf4
gxf4 28. Qxf4 Rf8 29. Qh4+ Qg5 30. Qe4 1-0

[Event "Campeonato del Mundo Sub-20 2007 Fem."]
[Site "Yerevan ARM"]
[Date "2007.10.08"]
[Round "6.9"]
[White "Airapetian, Tatevik"]
[Black "Gutierrez Mancillas, Alicia Abig"]
[Result "1-0"]
[WhiteElo "2193"]
[BlackElo "1981"]
[PlyCount "79"]
[EventDate "2007.10.03"]
[EventType "swiss"]
[EventRounds "13"]
[EventCountry "ARM"]
[Source "lmi"]
[SourceDate "2007.10.03"]

1. e4 e5 2. Nf3 Nc6 3. Bb5 Nd4 4. Bc4 Bc5 5. Nxd4 Bxd4 6. c3 Bb6 7. d4 Qe7 8.
O-O d6 9. a4 a5 10. Be3 exd4 11. cxd4 Be6 12. d5 Bxe3 13. dxe6 fxe6 14. fxe3
Nf6 15. Qb3 O-O 16. Bxe6+ Kh8 17. Nc3 Rae8 18. Bf5 g6 19. Bh3 Nxe4 20. Nxe4
Qxe4 21. Qc3+ Kg8 22. Rxf8+ Rxf8 23. Qd4 Qe7 24. e4 b6 25. Re1 Qf7 26. Qd5 Qxd5
27. exd5 Rf4 28. b3 Rd4 29. Rc1 Rd3 30. Rxc7 Rxb3 31. Rc6 Rb1+ 32. Kf2 Rb2+ 33.
Ke3 Rb3+ 34. Kd2 Rb4 35. Rxd6 Rxa4 36. Rxb6 Ra2+ 37. Kc3 a4 38. d6 Ra3+ 39. Kc4
Ra1 40. d7 1-0

[Event "Campeonato del Mundo Sub-20 2007 Fem."]
[Site "Yerevan ARM"]
[Date "2007.10.08"]
[Round "6.10"]
[White "Kharatyan, Anahit"]
[Black "Gasik, Anna"]
[Result "0-1"]
[WhiteElo "2102"]
[BlackElo "2191"]
[PlyCount "78"]
[EventDate "2007.10.03"]
[EventType "swiss"]
[EventRounds "13"]
[EventCountry "ARM"]
[Source "lmi"]
[SourceDate "2007.10.03"]

1. e4 c5 2. Nc3 Nc6 3. g3 g6 4. Bg2 Bg7 5. d3 d6 6. Be3 Rb8 7. Qd2 b5 8. f4 Nd4
9. Nf3 b4 10. Nd1 e6 11. g4 Ne7 12. g5 h6 13. gxh6 Nxf3+ 14. Bxf3 Bxh6 15. h4
Bg7 16. d4 Qc7 17. a3 a5 18. axb4 axb4 19. Nf2 Bb7 20. h5 Rd8 21. Rg1 Kf8 22.
hxg6 Nxg6 23. Bg4 cxd4 24. Bxd4 e5 25. fxe5 Bxe5 26. Qxb4 Rh2 27. Bxe5 Nxe5 28.
Qa5 Qe7 29. Qb6 Qf6 30. Be2 Rc8 31. Rf1 Rxc2 32. Qb3 Rxb2 33. Qg3 Qh4 34. Qa3
Rxe2+ 35. Kxe2 Qxe4+ 36. Kd1 Qd4+ 37. Kc1 Nc4 38. Qa2 Qc3+ 39. Qc2 Qxa1+ 0-1

[Event "Campeonato del Mundo Sub-20 2007 Fem."]
[Site "Yerevan ARM"]
[Date "2007.10.08"]
[Round "6.11"]
[White "Hairapetian, Anna"]
[Black "Markantonaki, Haritomeni"]
[Result "1-0"]
[WhiteElo "2030"]
[BlackElo "2161"]
[PlyCount "123"]
[EventDate "2007.10.03"]
[EventType "swiss"]
[EventRounds "13"]
[EventCountry "ARM"]
[Source "lmi"]
[SourceDate "2007.10.03"]

1. d4 Nf6 2. Nf3 e6 3. Bg5 b6 4. e4 h6 5. Bxf6 Qxf6 6. Bd3 Bb7 7. O-O c5 8. c3
Qd8 9. Nbd2 Be7 10. Qe2 O-O 11. Rae1 cxd4 12. cxd4 Nc6 13. a3 Rc8 14. Bb1 Qc7
15. Qd3 e5 16. Rc1 exd4 17. Nxd4 g6 18. N2f3 Qd6 19. Rcd1 Qf6 20. b4 Nxd4 21.
Nxd4 d5 22. e5 Qxe5 23. f4 Qg7 24. Rf3 Bf6 25. Nf5 Qh8 26. Nd6 Rc3 27. Qe2 Rxf3
28. Qxf3 Ba8 29. h4 a6 30. Ba2 Bd4+ 31. Kh2 Qf6 32. g3 Be5 33. Bxd5 Bxd6 34.
Bxa8 Qb2+ 35. Kh3 Be7 36. Bd5 Kg7 37. Re1 Bf6 38. h5 Rd8 39. hxg6 fxg6 40. Bc4
Qd2 41. Re2 Qd4 42. Bxa6 Rd5 43. Kg2 h5 44. Bb7 Rd6 45. Be4 Kh6 46. f5 g5 47.
Qb3 Qd1 48. Qxd1 Rxd1 49. Rc2 Ra1 50. Rc6 Kg7 51. Rxb6 Ra2+ 52. Kf1 Rxa3 53.
Rb7+ Kf8 54. Bd5 Bd4 55. Kg2 Rd3 56. Bc4 Rd2+ 57. Kf3 Be5 58. f6 Rc2 59. Bd5
Rc3+ 60. Ke4 Bxg3 61. Rh7 Ke8 62. f7+ 1-0

[Event "Campeonato del Mundo Sub-20 2007 Fem."]
[Site "Yerevan ARM"]
[Date "2007.10.08"]
[Round "6.13"]
[White "Priya Panneer, Ramachandran"]
[Black "Rudolf, Anna"]
[Result "1-0"]
[WhiteElo "2129"]
[BlackElo "2273"]
[PlyCount "85"]
[EventDate "2007.10.03"]
[EventType "swiss"]
[EventRounds "13"]
[EventCountry "ARM"]
[Source "lmi"]
[SourceDate "2007.10.03"]

1. e4 e6 2. d4 d5 3. e5 c5 4. c3 Nc6 5. Nf3 Qb6 6. a3 Nh6 7. b4 cxd4 8. cxd4
Nf5 9. Bb2 Bd7 10. Be2 h5 11. h4 Rc8 12. Qd2 g6 13. O-O Bh6 14. Qd3 Na5 15. Nc3
O-O 16. Bc1 Nc4 17. Bxh6 Nxh6 18. Ra2 Rc7 19. Bd1 Qa6 20. Ne2 Ba4 21. Ng3 Bxd1
22. Qxd1 f6 23. Qc1 Kg7 24. exf6+ Rxf6 25. Qg5 Rxf3 26. gxf3 Kh7 27. Kh1 Qd6
28. Re2 Rf7 29. Rfe1 Qf4 30. Qxf4 Rxf4 31. Rxe6 Nf7 32. Re7 Ncd6 33. R1e6 Kg8
34. Rxg6+ Kf8 35. Rd7 Nb5 36. Rxd5 Nxd4 37. Nxh5 Rxh4+ 38. Kg2 Nc6 39. Rg4 Ne7
40. Rb5 a6 41. Rc5 b6 42. Rxh4 bxc5 43. bxc5 1-0

[Event "Campeonato del Mundo Sub-20 2007 Fem."]
[Site "Yerevan ARM"]
[Date "2007.10.08"]
[Round "6.15"]
[White "Kalashyan, Varduhi"]
[Black "Arutyunova, Diana"]
[Result "0-1"]
[WhiteElo "2059"]
[BlackElo "2256"]
[PlyCount "102"]
[EventDate "2007.10.03"]
[EventType "swiss"]
[EventRounds "13"]
[EventCountry "ARM"]
[Source "lmi"]
[SourceDate "2007.10.03"]

1. d4 d6 2. c4 Nf6 3. Nc3 g6 4. e4 Bg7 5. Be2 O-O 6. Bg5 Nbd7 7. Qd2 e5 8. d5
a5 9. h4 Nc5 10. f3 Qd7 11. g4 Ne8 12. h5 f6 13. hxg6 fxg5 14. gxh7+ Kh8 15.
Qxg5 Bf6 16. Qh5 Qe7 17. Qg6 Bh4+ 18. Kd1 Qg5 19. Qxg5 Bxg5 20. Nh3 Bd8 21. Kc2
Kxh7 22. Nf4+ Kg7 23. Nh5+ Kg8 24. g5 Ng7 25. Rag1 Bd7 26. g6 Nxh5 27. Rxh5 Bf6
28. Nd1 Bg7 29. Ne3 Rf6 30. Nf5 Bxf5 31. exf5 Kf8 32. Bd3 Ke7 33. Rh7 Rg8 34.
Be4 Rff8 35. b3 Kf6 36. a3 Nd7 37. Rh5 Rh8 38. Rgh1 Rxh5 39. Rxh5 Rh8 40. Rxh8
Bxh8 41. b4 axb4 42. axb4 Nb6 43. Kb3 Bg7 44. c5 Nc8 45. Kc4 Ke7 46. Kb5 Kd8
47. c6 Na7+ 48. Kc4 bxc6 49. dxc6 Nc8 50. Bb1 Ke7 51. b5 Bh6 0-1

[Event "Campeonato del Mundo Sub-20 2007 Fem."]
[Site "Yerevan ARM"]
[Date "2007.10.08"]
[Round "6.17"]
[White "Mnatsakanyan, Diana"]
[Black "Kulon, Klaudia"]
[Result "0-1"]
[WhiteElo "1970"]
[BlackElo "2139"]
[PlyCount "104"]
[EventDate "2007.10.03"]
[EventType "swiss"]
[EventRounds "13"]
[EventCountry "ARM"]
[Source "lmi"]
[SourceDate "2007.10.03"]

1. e4 e5 2. Nf3 Nc6 3. Bb5 a6 4. Ba4 Nf6 5. O-O b5 6. Bb3 Be7 7. Qe2 d6 8. c3
O-O 9. Rd1 Na5 10. Bc2 c5 11. d4 Qc7 12. d5 c4 13. b4 Nb7 14. a4 Bd7 15. a5 Ne8
16. Nbd2 g6 17. Nf1 Qc8 18. Ng3 Ng7 19. Bh6 Nd8 20. h3 f6 21. Nh2 Nf7 22. Be3
f5 23. f4 Bf6 24. exf5 gxf5 25. Nh5 Nxh5 26. Qxh5 exf4 27. Bxf4 Bxc3 28. Ra3
Bg7 29. Ng4 Qe8 30. Qh4 Ne5 31. Nh6+ Kh8 32. Qg5 Qg6 33. Qh4 Qe8 34. Rf1 Ng6
35. Qg3 Qe2 36. Bd1 Qe4 37. Bg5 Qxd5 38. Bf3 Qd4+ 39. Be3 Qb2 40. Bc1 Qd4+ 41.
Be3 f4 42. Bxa8 fxg3 43. Rxf8+ Nxf8 44. Bxd4 Bxd4+ 45. Kf1 Kg7 46. Ng4 c3 47.
Ke2 c2 48. Kd2 Bb2 49. Kxc2 Bxa3 50. Kb3 Bc1 51. Bb7 h5 52. Bxa6 hxg4 0-1

[Event "Campeonato del Mundo Sub-20 2007 Fem."]
[Site "Yerevan ARM"]
[Date "2007.10.08"]
[Round "6.19"]
[White "Bokuchava, Madona"]
[Black "Mona, Khaled"]
[Result "1/2-1/2"]
[WhiteElo "2130"]
[BlackElo "2004"]
[PlyCount "70"]
[EventDate "2007.10.03"]
[EventType "swiss"]
[EventRounds "13"]
[EventCountry "ARM"]
[Source "lmi"]
[SourceDate "2007.10.03"]

1. d4 d5 2. c4 e6 3. Nc3 c6 4. cxd5 exd5 5. Bf4 Bd6 6. Bg3 Bg4 7. Qb3 b6 8. e3
Nf6 9. Bd3 O-O 10. Nge2 Be6 11. Qc2 h6 12. O-O c5 13. dxc5 bxc5 14. Nb5 Bxg3
15. Nxg3 Nbd7 16. Rad1 Qb6 17. Be2 Rab8 18. b3 Rfd8 19. Nf5 Ne5 20. Nc3 Bxf5
21. Qxf5 Qe6 22. Qxe6 fxe6 23. Na4 Rbc8 24. Rc1 Nfd7 25. f4 Ng6 26. Bg4 Ngf8
27. Rfd1 Nf6 28. Bf3 N8d7 29. f5 Kf7 30. fxe6+ Kxe6 31. Nc3 Nb6 32. Ne2 g5 33.
Nc3 Ke5 34. Re1 c4 35. Nb5 a6 1/2-1/2

[Event "Campeonato del Mundo Sub-20 2007 Fem."]
[Site "Yerevan ARM"]
[Date "2007.10.09"]
[Round "7.1"]
[White "Nebolsina, Vera"]
[Black "Harika, Dronavalli"]
[Result "1/2-1/2"]
[WhiteElo "2349"]
[BlackElo "2480"]
[PlyCount "30"]
[EventDate "2007.10.03"]
[EventType "swiss"]
[EventRounds "13"]
[EventCountry "ARM"]
[Source "lmi"]
[SourceDate "2007.10.03"]

1. d4 Nf6 2. Nf3 g6 3. g3 Bg7 4. Bg2 d5 5. O-O c6 6. c4 dxc4 7. Ne5 Ng4 8. Nf3
Nf6 9. Ne5 Ng4 10. Nf3 O-O 11. Na3 Be6 12. h3 Nf6 13. Ng5 Qc8 14. Nxe6 Qxe6 15.
Qc2 Nfd7 1/2-1/2

[Event "Campeonato del Mundo Sub-20 2007 Fem."]
[Site "Yerevan ARM"]
[Date "2007.10.09"]
[Round "7.3"]
[White "Mongontuul, Bathuyag"]
[Black "Padmini, Rout"]
[Result "1-0"]
[WhiteElo "2405"]
[BlackElo "2226"]
[PlyCount "63"]
[EventDate "2007.10.03"]
[EventType "swiss"]
[EventRounds "13"]
[EventCountry "ARM"]
[Source "lmi"]
[SourceDate "2007.10.03"]

1. e4 d5 2. exd5 Qxd5 3. Nc3 Qa5 4. d4 Nf6 5. Nf3 c6 6. Bc4 Bf5 7. Ne5 e6 8. g4
Be4 9. O-O Bd5 10. Nxd5 cxd5 11. Bd3 Nc6 12. c3 Nxe5 13. dxe5 Nd7 14. Qe2 g6
15. f4 O-O-O 16. b4 Qc7 17. Be3 Kb8 18. Bd4 Nb6 19. Qf2 Be7 20. a4 Rhf8 21. a5
Nc8 22. Rac1 f6 23. c4 dxc4 24. Bxc4 fxe5 25. Bxe6 Rxd4 26. Rxc7 Kxc7 27. Rc1+
Kb8 28. Qc2 a6 29. Qc7+ Ka7 30. Bxc8 Rxc8 31. Qxc8 Rxb4 32. fxe5 1-0

[Event "Campeonato del Mundo Sub-20 2007 Fem."]
[Site "Yerevan ARM"]
[Date "2007.10.09"]
[Round "7.5"]
[White "Karavade, Eesha"]
[Black "Limontaite, Simona"]
[Result "1-0"]
[WhiteElo "2331"]
[BlackElo "2141"]
[PlyCount "95"]
[EventDate "2007.10.03"]
[EventType "swiss"]
[EventRounds "13"]
[EventCountry "ARM"]
[Source "lmi"]
[SourceDate "2007.10.03"]

1. d4 Nf6 2. c4 e6 3. Nf3 b6 4. g3 Bb7 5. Bg2 Be7 6. O-O O-O 7. Nc3 Ne4 8. Qc2
Nxc3 9. Qxc3 c5 10. Rd1 d6 11. d5 e5 12. e4 Bc8 13. h4 h6 14. Be3 Na6 15. a3 f5
16. exf5 Bxf5 17. Nd2 Nc7 18. Be4 Qd7 19. Qd3 Bxe4 20. Qxe4 Ne8 21. Kg2 Nf6 22.
Qg6 Qe8 23. Qxe8 Rfxe8 24. b4 Reb8 25. Rdb1 Bd8 26. Kf3 cxb4 27. axb4 b5 28.
Rxa7 Rxa7 29. Bxa7 Rb7 30. Be3 bxc4 31. Nxc4 Bc7 32. b5 Nxd5 33. b6 e4+ 34. Kg2
Nxe3+ 35. fxe3 Bd8 36. Rd1 Be7 37. Ra1 Rb8 38. Ra7 d5 39. Ne5 Bc5 40. Nd7 Bxb6
41. Ra6 Rd8 42. Nxb6 Rd6 43. Ra8+ Kh7 44. Na4 d4 45. Nc5 dxe3 46. Nxe4 e2 47.
Kf2 Rd4 48. Re8 1-0

[Event "Campeonato del Mundo Sub-20 2007 Fem."]
[Site "Yerevan ARM"]
[Date "2007.10.09"]
[Round "7.6"]
[White "Khotenashvili, Bela"]
[Black "Airapetian, Tatevik"]
[Result "0-1"]
[WhiteElo "2328"]
[BlackElo "2193"]
[PlyCount "66"]
[EventDate "2007.10.03"]
[EventType "swiss"]
[EventRounds "13"]
[EventCountry "ARM"]
[Source "lmi"]
[SourceDate "2007.10.03"]

1. g3 Nf6 2. Bg2 g6 3. e4 e5 4. Nc3 Bg7 5. d3 O-O 6. Nge2 d6 7. h3 Nc6 8. Be3
Be6 9. Qd2 d5 10. Bg5 d4 11. Nd1 Qd7 12. c4 dxc3 13. bxc3 Ne8 14. Nb2 f5 15.
Qc2 Nd6 16. Be3 Rf7 17. f3 fxe4 18. dxe4 Raf8 19. g4 Rxf3 20. Bxf3 Rxf3 21. Bg5
Na5 22. Qa4 Qxa4 23. Nxa4 Nxe4 24. Bd8 Nc4 25. Rb1 b6 26. Nb2 Na3 27. Rc1 Bh6
28. g5 Nxg5 29. Bxc7 Rf7 30. Bd6 Nb5 31. Bb4 Nf3+ 32. Kf2 Bd2 33. Ng3 Nfd4+ 0-1